Famous Tamils - Statistics

General Stats
  • This quiz has been taken 288 times
  • The average score is 4 of 15
Answer Stats
Hint Answer % Correct
Poet and philosopher, author of "Tirukkural" Thiruvalluvar
82%
CEO of Google Inc. (2015–) Sundar Pichai
59%
President of India (2002–2007) A. P. J. Abdul Kalam
53%
Composer and musician nicknamed "The Mozart of Madras" A. R. Rahman
47%
Monk who brought Zen buddhism to China Bodhidharma
46%
World Chess Champion (2007–2013) Viswanathan Anand
36%
Physicist who studied light scattering; 1930 Nobel laureate C. V. Raman
32%
Comedian known for "Parks and Recreation" and "Master of None" Aziz Ansari
16%
Spiritual leader, founder of The Art of Living Foundation Ravi Shankar
12%
Islamic poet, author of "Sirappuranam" Umaru Pulavar
11%
President of Singapore (1999–2011) S. R. Nathan
10%
Actress and classical dancer, one of the biggest female stars during Bollywood's golden era Vyjayanthimala
5%
Computer scientist who claimed to have invented e-mail Shiva Ayyadurai
4%
UN High Commissioner of Human Rights (2008–2014) Navi Pillay
2%
Scientist, President of Carnegie Mellon University (2013–2017) Subra Suresh
1%
No matching quizzes found
Score Distribution
Percent of People with Each Score
Percentile by Number Answered
Your Score History
You have not taken this quiz